1960 1581 1958 1626 1712 1543 1378 1110 1378 1701 1861 1140 1529 1698 1815 1803 1107 1230 1544 1937 1315 1772 1179 1136 1100 1848 1014 1287 1450 1191 1249 1038 1377 1421 1124 1177 1838 1132 1833 1575 1106 1895 1410 1665 1167 1125 1850 1772 1432 1149 1551 1997 1276 1406 1397 1041 1403 1624 1118 1674 1144 1701 1964 1222 1666 1953 1697 1607 1077 1080 1995 1979 1057 1211 1891 1461 1685 1030 1634 1044 1623 1517 1946 1292 1137 1498 1495 1529 1078 1729 1627 1005 1351 1961 1288 1285 1001 1230 1927 BCNSPRNW ULIB Ver.6.0+V

เปลี่ยนเป็นภาษาไทย

Change to English
 แสดงรายละเอียดบรรณานุกรม
  กลับหน้าหลัก

Brief Record : Get Marc (ISO 2709) : E-mail record : QR code < ปิดหน้าต่าง
LEADER : 00000nam 2200000uu 4500
001    13399113935
003     ULIB
008    110320s||||||||th 000 0 tha d
099    วจ.WY18^bป525ก
100 0  ปัณณธร ชัชวรัตน์
245 00 การประเมินหลักสูตรพยาบาลศาสตร์บัณฑิต พ.ศ.2554/^cปัณณธร ชัชวรัตน์
260    พะเยา :^bวิทยาลัยพยาบาลบรมราชชนนี พะเยา,^c2553
300    87 หน้า :^bตาราง
500    รายงานการวิจัย
650  7 หลักสูตรพยาบาล^xการประเมิน^xวิจัย
710 2  วิทยาลัยพยาบาลบรมราชชนนี. ^bพะเยา
945    ^p0^l0^i030966
995    ทศพร
999 ^a ใช้งานได้ทุกระบบ
รายการนี้ยังไม่มีแท็ก
คุณยังไม่ได้ล็อกอิน คุณสามารถมีกิจกรรมร่วมกับเว็บไซต์ได้ แต่ต้องล็อกอินก่อน ::
  ล็อกอิน

รายการสื่อสารสนเทศ

ลำดับที่ ประเภท เลขเรียก/บาร์โค้ด สถานที่ สถานะ
1. งานวิจัย
งานวิจัย
วจ.WY18 ป525ก ฉ.1 
  Barcode: 030966
ห้องสมุดวิทยาเขตสวรรค์ประชารักษ์
►วิจัย
บนชั้น

รายการใกล้เคียง
    ผู้แต่ง [ปัณณธร ชัชวรัตน์]

BibComment


ยังไม่เคยถูกคอมเมนท์

คอมเมนท์ทรัพยากรรายการนี้
  คอมเมนท์: การประเมินหลักสูต..


 Copyright 2026. Bcnsprnw @Library